| 000 | 00692nam a2200241 a 4500 | ||
|---|---|---|---|
| 005 | 20210219153431.0 | ||
| 008 | 991125n 000 0 u | ||
| 035 | _aUPN01000099137 | ||
| 100 | _aGarza, Hisauro | ||
| 222 | _aNEW DIRECTIONS FOR TEACHING AND LEARNING | ||
| 245 | _aSecond-class academics : chicano/latino faculty in U.S. universities | ||
| 300 | _a33-41 | ||
| 362 | _aNo. 53, 1993 | ||
| 505 | _aAgosto 1993 | ||
| 653 | 0 | _aDISCRIMINACION ETNICA | |
| 653 | 0 | _aFACULTAD COLEGIAL | |
| 653 | 0 | _aMEXICANOS AMERICANOS | |
| 653 | 0 | _aMODELOS DE EMPLEO | |
| 653 | 0 | _aNORTEAMERICANOS HISPANOS | |
| 653 | 0 | _aPLURALISMO CULTURAL | |
| 904 |
_aAC _b036948 |
||
| 905 | _aArticulo | ||
| 999 |
_c76689 _d76689 |
||